[Event "AUTO-OPEN-2015"]
[Site "http://www.queenalice.com/game.php?id=792715"]
[Date "2010.6.20"]
[Round "1"]
[White "nchessm"]
[Black "vininb"]
[Result "1-0"]
[WhiteElo "2000"]
[BlackElo "1878"]

1. d4 d5 2. c4 e6 3. Nf3 c6 4. Nc3 dxc4 5. a4 Bb4 6. e3 b5 7. Bd2 a5 8. Ne5 Bxc3
9. Bxc3 Qd5 10. axb5 cxb5 11. Qg4 g6 12. Be2 Nc6 13. Bf3 Nxe5 14. dxe5 1-0

[Event "AUTO-OPEN-2015"]
[Site "http://www.queenalice.com/game.php?id=792736"]
[Date "2010.6.20"]
[Round "1"]
[White "nchessm"]
[Black "Pagano"]
[Result "1-0"]
[WhiteElo "1937"]
[BlackElo "2103"]

1. d4 d5 2. c4 c6 3. Nf3 dxc4 4. e3 b5 5. a4 a6 6. axb5 cxb5 7. b3 cxb3 8. Bxb5+
Bd7 9. Bxd7+ Qxd7 10. Qxb3 Nf6 11. Ne5 Qd5 12. Qa4+ Nbd7 13. O-O Ne4 14. Rd1 e6
15. f3 Nf6 16. Nc3 Qb7 17. Rb1 Qa7 18. e4 Bd6 19. Nxd7 Nxd7 20. Qc6 Be5 21. Rb7
1-0

[Event "AUTO-OPEN-2015"]
[Site "http://www.queenalice.com/game.php?id=792737"]
[Date "2010.6.20"]
[Round "1"]
[White "Pagano"]
[Black "nchessm"]
[Result "0-1"]
[WhiteElo "2107"]
[BlackElo "1856"]

1. f4 d5 2. Nf3 Nf6 3. b3 g6 4. Bb2 Bg7 5. e3 O-O 6. Be2 c5 7. O-O Nc6 8. h3 Qc7
9. g4 d4 10. exd4 Qxf4 11. Kg2 Be6 12. Ne5 Bd5+ 13. Bf3 Ne4 14. Qe1 Bxe5 15.
dxe5 Nb4 16. Na3 Nxd2 17. Bxd5 Nxf1 18. Qxf1 Qd2+ 0-1

[Event "AUTO-OPEN-2015"]
[Site "http://www.queenalice.com/game.php?id=792738"]
[Date "2010.6.20"]
[Round "1"]
[White "nchessm"]
[Black "Fregapani"]
[Result "1/2-1/2"]
[WhiteElo "1681"]
[BlackElo "2120"]

1. d4 Nf6 2. c4 e6 3. Nf3 d5 4. Nc3 Be7 5. Bf4 O-O 6. e3 Nbd7 7. c5 c6 8. Bd3 b6
9. b4 a5 10. a3 Ba6 11. O-O Qc8 12. h3 Qb7 13. Qc2 Bxd3 14. Qxd3 axb4 15. axb4
Rxa1 16. Rxa1 Ra8 17. Qb1 h6 18. Bg3 Bd8 19. Qb2 bxc5 20. Rxa8 Qxa8 21. bxc5 Qa5
22. Nd2 Qa6 23. Nf3 1/2-1/2

[Event "AUTO-OPEN-2015"]
[Site "http://www.queenalice.com/game.php?id=792739"]
[Date "2010.6.20"]
[Round "1"]
[White "Fregapani"]
[Black "nchessm"]
[Result "1-0"]
[WhiteElo "2161"]
[BlackElo "1872"]

1. e4 c5 2. Nf3 d6 3. d4 cxd4 4. Nxd4 Nf6 5. Nc3 a6 6. Be2 e5 7. Nb3 Be7 8. O-O
O-O 9. Be3 Be6 10. Qd2 Nbd7 11. a4 Rc8 12. a5 Qc7 13. Rfd1 Rfd8 14. f3 d5 15.
exd5 Nxd5 16. Nxd5 Bxd5 17. Qxd5 Nf6 18. Qc4 Rxd1+ 19. Rxd1 Qxc4 20. Bxc4 Rxc4
21. c3 Kf8 22. Kf2 Ke8 23. Ke2 h5 24. Kd3 Rc6 25. Kc2 g6 26. h3 e4 27. Nd2 exf3
28. Nxf3 Nd5 29. Rxd5 1-0

[Event "AUTO-MASTER-1272"]
[Site "http://www.queenalice.com/game.php?id=859639"]
[Date "2010.11.16"]
[Round "1"]
[White "Gil"]
[Black "nchessm"]
[Result "1-0"]
[WhiteElo "2314"]
[BlackElo "2162"]

1. d4 Nf6 2. Nf3 e6 3. e3 c5 4. c4 d5 5. Nc3 Nc6 6. cxd5 exd5 7. Bb5 Bd6 8. O-O
O-O 9. dxc5 Bxc5 10. Bd2 Bg4 11. h3 Bf5 12. Rc1 Rc8 13. Qb3 a6 14. Bxc6 bxc6 15.
Na4 Bd6 16. Nd4 Bd7 17. Nc5 Bxc5 18. Rxc5 Ne4 19. Rc2 c5 20. Nf3 Bf5 21. Rfc1
Re8 22. Qa3 Qf6 23. Bc3 Qh6 24. h4 Nd6 25. Qxa6 1-0

[Event "AUTO-MASTER-1272"]
[Site "http://www.queenalice.com/game.php?id=859640"]
[Date "2010.11.16"]
[Round "1"]
[White "nchessm"]
[Black "Gil"]
[Result "0-1"]
[WhiteElo "2170"]
[BlackElo "2306"]

1. d4 d5 2. Nf3 Nf6 3. Bf4 e6 4. e3 Be7 5. Bd3 O-O 6. O-O c5 7. c3 c4 8. Bxb8
Rxb8 9. Bc2 b5 10. Ne5 Qc7 11. b4 Nd7 12. Nxd7 Bxd7 13. Nd2 a5 14. a3 Bc6 15.
Qh5 g6 16. Qh6 Rfd8 17. f4 Bf8 18. Qh3 Bg7 19. Nf3 h6 20. Ne5 Ra8 21. Bxg6 Bxe5
22. fxe5 fxg6 23. Qxe6+ Kg7 24. Rf6 Be8 0-1

[Event "AUTO-MASTER-1272"]
[Site "http://www.queenalice.com/game.php?id=859651"]
[Date "2010.11.16"]
[Round "1"]
[White "jartuga99"]
[Black "nchessm"]
[Result "0-1"]
[WhiteElo "1890"]
[BlackElo "2166"]

1. e4 c5 2. Bc4 e6 3. d3 d5 4. exd5 exd5 5. Bb5+ Bd7 6. Qe2+ Be7 7. Bxd7+ Qxd7
8. Nf3 Nc6 9. O-O Nf6 10. Bf4 O-O 11. Nc3 d4 12. Ne4 Nd5 13. Bg3 f5 14. Neg5
Bxg5 15. Nxg5 f4 16. Bh4 Rae8 17. Qf3 Ne5 18. Qd1 h6 19. Ne4 b6 20. Qh5 Rf5 21.
Qd1 g5 22. g4 Rf7 23. c4 dxc3 24. Bxg5 cxb2 25. Rb1 hxg5 26. Nxg5 Nc3 27. Qb3
Qxg4+ 28. Kh1 Qxg5 29. Qxc3 Rg7 30. Rg1 Qxg1+ 31. Rxg1 Rxg1+ 0-1

[Event "AUTO-MASTER-1272"]
[Site "http://www.queenalice.com/game.php?id=859652"]
[Date "2010.11.16"]
[Round "1"]
[White "nchessm"]
[Black "jartuga99"]
[Result "1-0"]
[WhiteElo "2095"]
[BlackElo "1864"]

1. d4 d5 2. c4 Nf6 3. cxd5 Nxd5 4. e4 Nb6 5. Nc3 g6 6. Nf3 Bg7 7. Be2 Bg4 8. Be3
c6 9. O-O O-O 10. Rc1 N8d7 11. h3 Be6 12. b3 f5 13. Ng5 Bf7 14. exf5 gxf5 15.
Nxf7 Rxf7 16. Bh5 Rf8 17. d5 Nf6 18. dxc6 bxc6 19. Bf3 Nbd5 20. Bd4 e6 21. Re1
Qd7 22. Na4 Ne4 23. Bxe4 fxe4 24. Nc5 Qf7 25. Bxg7 Kxg7 26. Nxe4 Rac8 27. Qd4+
Kh6 28. Nd6 Qf4 29. Rxe6+ Rf6 30. Rxf6+ Qxf6 31. Qxf6+ Nxf6 32. Nxc8 1-0

[Event "AUTO-MASTER-1272"]
[Site "http://www.queenalice.com/game.php?id=859659"]
[Date "2010.11.16"]
[Round "1"]
[White "nchessm"]
[Black "FabioSelinger"]
[Result "0-1"]
[WhiteElo "2114"]
[BlackElo "1924"]

1. d4 d5 2. c4 Nf6 3. cxd5 Qxd5 4. Nc3 Qa5 5. Nf3 c6 6. e3 e6 7. Bd2 Qd8 8. Bd3
c5 9. Qc2 Nc6 10. dxc5 Nb4 11. Qa4+ Nc6 12. Bb5 Bd7 13. Qc4 a6 14. Bxc6 Bxc6 15.
e4 Be7 16. Ne5 Rc8 17. Be3 O-O 18. Rd1 Qc7 19. f4 b5 20. Qb3 Nxe4 21. Nxe4 Bxe4
22. Rd7 Bh4+ 23. g3 Bxg3+ 24. hxg3 Qa5+ 25. Bd2 Qa4 26. Qxa4 bxa4 27. Rh2 Rxc5
28. Rd4 Bc6 29. Bb4 Rxe5+ 30. fxe5 Re8 31. Rd6 Bb5 32. Rc2 h5 0-1

[Event "AUTO-MASTER-1272"]
[Site "http://www.queenalice.com/game.php?id=859660"]
[Date "2010.11.16"]
[Round "1"]
[White "FabioSelinger"]
[Black "nchessm"]
[Result "0-1"]
[WhiteElo "1988"]
[BlackElo "2154"]

1. e4 c5 2. Nc3 e6 3. g3 d5 4. exd5 exd5 5. Bg2 Nf6 6. h3 Be7 7. d3 d4 8. Ne4
O-O 9. Ne2 Nc6 10. O-O Nxe4 11. Bxe4 Bxh3 12. Re1 Bg4 13. Bxc6 bxc6 14. Qd2 Re8
15. Qf4 Qd7 16. Kg2 Bd6 17. Qd2 f6 18. b3 Bc7 19. Bb2 Qd5+ 20. Kg1 Bh3 21. f3
Qxf3 22. Nf4 Qxg3+ 23. Ng2 Qh2+ 24. Kf1 Qh1+ 0-1

[Event "AUTO-MASTER-1273"]
[Site "http://www.queenalice.com/game.php?id=860195"]
[Date "2010.11.17"]
[Round "1"]
[White "secretguy"]
[Black "nchessm"]
[Result "1-0"]
[WhiteElo "2359"]
[BlackElo "2160"]

1. Nf3 d5 2. g3 Nf6 3. Bg2 e6 4. O-O c5 5. d3 Nc6 6. Nbd2 Be7 7. e4 O-O 8. Re1
b5 9. a4 b4 10. b3 Bb7 11. exd5 exd5 12. Bb2 Qd7 13. Ne5 Nxe5 14. Bxe5 Ng4 15.
Bh3 f5 16. f4 Nxe5 17. Rxe5 g6 18. Re2 Bf6 19. Rb1 Bd4+ 20. Kh1 Rfe8 21. Nf3
Rxe2 22. Qxe2 Re8 23. Qf1 Bc3 24. Bg2 1-0

[Event "AUTO-MASTER-1273"]
[Site "http://www.queenalice.com/game.php?id=860196"]
[Date "2010.11.17"]
[Round "1"]
[White "nchessm"]
[Black "secretguy"]
[Result "0-1"]
[WhiteElo "2102"]
[BlackElo "2373"]

1. d4 Nf6 2. c4 c5 3. d5 d6 4. Nc3 g6 5. e4 Bg7 6. Bd3 Nfd7 7. f4 O-O 8. Nf3 e6
9. O-O Nb6 10. f5 e5 11. a3 f6 12. fxg6 hxg6 13. Nh4 Kh7 14. Qf3 f5 15. Nxg6 Rf7
16. Qh5+ Kg8 17. exf5 Bf6 18. Ne4 Rh7 19. Nxf6+ Qxf6 20. Qg4 Rg7 21. Bh6 N8d7
22. Rf3 e4 23. Qxe4 Qd4+ 0-1

[Event "AUTO-MASTER-1273"]
[Site "http://www.queenalice.com/game.php?id=860209"]
[Date "2010.11.17"]
[Round "1"]
[White "nchessm"]
[Black "FabioSelinger"]
[Result "1-0"]
[WhiteElo "2161"]
[BlackElo "1923"]

1. d4 d5 2. c4 Nf6 3. cxd5 Qxd5 4. Nc3 Qa5 5. e3 c6 6. Nf3 e6 7. a3 Ne4 8. Qc2
Nxc3 9. bxc3 c5 10. Bd2 Nc6 11. Bd3 cxd4 12. cxd4 Qd8 13. O-O Be7 14. Bc3 Bd7
15. Rfd1 Qc7 16. d5 exd5 17. Bxg7 Rg8 18. Be5 Bd6 19. Bxd6 Qxd6 20. Bxh7 Rh8 21.
Bf5 Be6 22. Bxe6 fxe6 23. Qg6+ Kd7 24. Qg7+ Ne7 25. Ne5+ Kc7 26. Rac1+ 1-0

[Event "AUTO-MASTER-1273"]
[Site "http://www.queenalice.com/game.php?id=860210"]
[Date "2010.11.17"]
[Round "1"]
[White "FabioSelinger"]
[Black "nchessm"]
[Result "0-1"]
[WhiteElo "1931"]
[BlackElo "2155"]

1. e4 c5 2. Nc3 e6 3. g3 d5 4. d3 d4 5. Nce2 Nc6 6. f4 Be7 7. Bg2 f5 8. exf5
exf5 9. Nf3 Nf6 10. O-O O-O 11. c3 Be6 12. Ng5 Bd5 13. c4 Bxg2 14. Kxg2 Qd6 15.
Re1 h6 16. Nf3 Rad8 17. Nh4 Ng4 18. Nf3 Rfe8 19. h3 Ne3+ 20. Kf2 Nxd1+ 21. Rxd1
a5 22. a3 h5 23. Re1 h4 24. g4 fxg4 25. hxg4 Qg6 26. Neg1 Qxg4 27. Bd2 h3 28.
Nxh3 Bh4+ 29. Nxh4 Qxh4+ 30. Kg2 Qg4+ 31. Kh2 Re2+ 0-1

[Event "AUTO-MASTER-1273"]
[Site "http://www.queenalice.com/game.php?id=860212"]
[Date "2010.11.17"]
[Round "1"]
[White "Nille"]
[Black "nchessm"]
[Result "1-0"]
[WhiteElo "1894"]
[BlackElo "2097"]

1. e4 c5 2. Nf3 d6 3. Bc4 e6 4. a3 Nc6 5. d3 Nf6 6. Nc3 Be7 7. h3 O-O 8. O-O a6
9. Bd2 d5 10. exd5 exd5 11. Ba2 d4 12. Ne4 Nxe4 13. dxe4 Kh8 14. Qc1 Be6 15.
Bxe6 fxe6 16. c3 d3 17. b4 Rxf3 18. gxf3 Qe8 19. bxc5 Ne5 20. Qd1 Qg6+ 21. Kh2
Rf8 22. f4 Nc4 23. f5 exf5 24. exf5 Qxf5 25. Be3 Qe5+ 26. Kg1 Nxe3 27. fxe3 Qg3+
28. Kh1 Qxh3+ 29. Kg1 Qxe3+ 30. Kg2 Qg5+ 31. Kh3 Rd8 32. Rf3 Qxc5 33. Kg2 d2 34.
Ra2 Qg5+ 35. Kf2 Bc5+ 36. Kf1 1-0

[Event "AUTO-OPEN-2014"]
[Site "http://www.queenalice.com/game.php?id=861299"]
[Date "2010.11.20"]
[Round "2"]
[White "nchessm"]
[Black "eductx"]
[Result "1-0"]
[WhiteElo "2122"]
[BlackElo "2154"]

1. d4 Nf6 2. c4 d5 3. cxd5 Nxd5 4. e4 Nb6 5. Nc3 Nc6 6. Nf3 Bg4 7. d5 Bxf3 8.
gxf3 Ne5 9. f4 Ned7 10. Qg4 Nf6 11. Qg3 a6 12. Be3 Nc4 13. Bxc4 1-0

[Event "AUTO-OPEN-2014"]
[Site "http://www.queenalice.com/game.php?id=861300"]
[Date "2010.11.20"]
[Round "2"]
[White "eductx"]
[Black "nchessm"]
[Result "0-1"]
[WhiteElo "2157"]
[BlackElo "2142"]

1. Nf3 d5 2. c4 e6 3. d4 Nf6 4. Nc3 Be7 5. Bg5 h6 6. Bh4 O-O 7. e3 b6 8. Bd3 Bb7
9. O-O Nbd7 10. Rc1 c5 11. a3 cxd4 12. exd4 dxc4 13. Bxc4 Rc8 14. Bd3 Nh5 15.
Bxe7 Qxe7 16. Ne5 Nxe5 17. dxe5 Nf4 18. Be4 Bxe4 19. Nxe4 Rxc1 0-1